Conselho aos governantes (Record no. 1502)
[ view plain ]
| 000 -LÍDER | |
|---|---|
| Campo Fixo de Controle | 01284nam a2200277 4500 |
| 001 - NÚMERO DE CONTROLE | |
| Campo de Controle | 1502 |
| 003 - IDENTIFICAÇÃO DO NÚMERO DE CONTROLE | |
| Campo de Controle | BR-CuiBMT |
| 005 - DATA E HORA DA ÚLTIMA ATUALIZAÇÃO | |
| Campo de Controle | 20231213143548.0 |
| 008 - DADOS FIXOS | |
| Dados Fixos | 231212s2009 dfb 000 0 por d |
| 040 ## - AGÊNCIA CATALOGADORA | |
| Código da Agência Catalogadora | BR-CuiBMT |
| Agência que transcreveu o registro | BR-CuiBMT |
| 080 ## - Nº DA CLASSIFICAÇÃO DECIMAL UNIVERSAL | |
| Nº Class. CDU | 321.01 |
| Nº edição CDU | 2007 |
| 090 ## - NÚMERO DE CHAMADA | |
| Complemento | Braile |
| Nº classificação | 321.01 |
| Cutter | C755 |
| 245 00 - TÍTULO PRINCIPAL | |
| Título principal | Conselho aos governantes |
| Meio (DGM) | [braile] / |
| Indicação de responsabilidade | Senado Federal. |
| 260 ## - PUBLICAÇÃO, DISTRIBUIÇÃO, ETC. | |
| Local de publicação | Brasília : |
| Editora | Senado, |
| Data | 2009. |
| 300 ## - DESCRIÇÃO FÍSICA | |
| N. páginas ou volumes | v. em braile |
| 490 1# - INDICAÇÃO DE SÉRIE | |
| Título da série | Edições do Senado Federal |
| 500 ## - NOTAS GERAIS | |
| Notas gerais | Transcrito para o sistema Braille pela Secretaria Especial de Editoração e Publicações do Senado Federal. |
| 505 1# - NOTA DE CONTEÚDO | |
| Nota de conteúdo | v. 1. Platão, Kautilya -- v. 2, t. 1. Maquiavel -- v. 2, t. 2. Maquiavel -- v. 3, t. 1-3. Erasmo de Roterdã -- v. 4. Isócrates, Miguel de Cervantes, Maurício de Nassau, Marquês de Pombal, D. Pedro II -- v. 5. Nazarino -- v. 6. Sebastião César de Meneses -- v. 7. D. Luís da Cunha -- v. 8, t. 1. Marquês de Pombal, Frederico da Prússia, D. Pedro II. |
| 590 ## - NOTA LOCAL | |
| Nota local | A Biblioteca possui somente os volumes 1 a 3. |
| 650 ## - ASSUNTO TÓPICO | |
| Cabeçalho tópico ou nome geográfico | Ciência política |
| 650 ## - ASSUNTO TÓPICO | |
| Cabeçalho tópico ou nome geográfico | Ciência política |
| Subdivisão geral | Filosofia |
| 650 ## - ASSUNTO TÓPICO | |
| Cabeçalho tópico ou nome geográfico | Ciência política |
| Subdivisão geral | História |
| 710 1# - ENTRADA SECUNDÁRIA -- ENTIDADE | |
| Nome da entidade ou lugar | Brasil. |
| Unidade subordinada | Congresso Nacional. |
| -- | Senado Federal. |
| 830 #0 - ENTRADA SECUNDÁRIA DE SÉRIE -- TÍTULO UNIFORME | |
| Título uniforme | Edições do Senado Federal |
| 942 ## - ELEMENTOS DE ENTRADA ADICIONAIS (KOHA) | |
| Fonte de classificação ou esquema de arquivamento | Classificação Decimal Universal |
| Tipo de item do Koha | Livros |
| Estado: removido | Estado: perdido | Fonte de classificação ou esquema de arquivamento | Estado: danificado | Indisponível para empréstimo | Localização permanente | Localização atual | Data de aquisição | Numeração serial ou cronológica (Volume) | Total Checkouts | Número de Chamada completo | Código de barras | Date last seen | Número do exemplar | Preço efetivo a partir de | Tipo de item (Koha) |
|---|---|---|---|---|---|---|---|---|---|---|---|---|---|---|---|
| Classificação Decimal Universal | Biblioteca da Escola Superior de Contas do TCE/MT | Biblioteca da Escola Superior de Contas do TCE/MT | 12/12/2023 | v. 1 | Braile 321.01 C755 | BIBTCEMT23120408 | 12/12/2023 | Ex. 1 | 12/12/2023 | Livros | |||||
| Classificação Decimal Universal | Biblioteca da Escola Superior de Contas do TCE/MT | Biblioteca da Escola Superior de Contas do TCE/MT | 12/12/2023 | v. 2, t. 1 | Braile 321.01 C755 | BIBTCEMT23120409 | 12/12/2023 | Ex. 1 | 12/12/2023 | Livros | |||||
| Classificação Decimal Universal | Biblioteca da Escola Superior de Contas do TCE/MT | Biblioteca da Escola Superior de Contas do TCE/MT | 12/12/2023 | v. 2, t. 2 | Braile 321.01 C755 | BIBTCEMT23120410 | 12/12/2023 | Ex. 1 | 12/12/2023 | Livros | |||||
| Classificação Decimal Universal | Biblioteca da Escola Superior de Contas do TCE/MT | Biblioteca da Escola Superior de Contas do TCE/MT | 12/12/2023 | v. 3, t. 1 | Braile 321.01 C755 | BIBTCEMT23120411 | 12/12/2023 | Ex. 1 | 12/12/2023 | Livros | |||||
| Classificação Decimal Universal | Biblioteca da Escola Superior de Contas do TCE/MT | Biblioteca da Escola Superior de Contas do TCE/MT | 12/12/2023 | v. 3, t. 2 | Braile 321.01 C755 | BIBTCEMT23120412 | 12/12/2023 | Ex. 1 | 12/12/2023 | Livros | |||||
| Classificação Decimal Universal | Biblioteca da Escola Superior de Contas do TCE/MT | Biblioteca da Escola Superior de Contas do TCE/MT | 12/12/2023 | v. 3, t. 3 | Braile 321.01 C755 | BIBTCEMT23120413 | 12/12/2023 | Ex. 1 | 12/12/2023 | Livros |